Music Quiz

Random Music or Song Quiz

R.E.M. Songs Quiz Stats

 Plays Quiz Updated Mar 11, 2020

Support Sporcle.
Go Orange.
Score 0/178 Timer 18:00
4 Plays Today
Album Song % Correct
Out of TimeLosing My Religion
81.3%
Automatic for the PeopleEverybody Hurts
64.4%
Out of TimeShiny Happy People
62.4%
DocumentIt's the End of the World as We Know It (and I Feel Fine)
61.2%
GreenOrange Crush
60.5%
Automatic for the PeopleMan on the Moon
59.4%
MonsterWhat's the Frequency, Kenneth?
58.3%
GreenStand
57.2%
MurmurRadio Free Europe
55.7%
Automatic for the PeopleDrive
55.3%
Automatic for the PeopleNightswimming
54.4%
DocumentThe One I Love
52.7%
Out of TimeRadio Song
46.2%
Fables of the ReconstructionDriver 8
45.4%
GreenPop Song 89
43.1%
Lifes Rich PageantFall on Me
42.8%
Automatic for the PeopleThe Sidewinder Sleeps Tonite
42.3%
Reckoning(Don't Go Back to) Rockville
42%
Lifes Rich PageantSuperman
41.1%
DocumentFinest Worksong
40.6%
MonsterCrush with Eyeliner
40.2%
ReckoningSo. Central Rain (I'm Sorry)
40.1%
Automatic for the PeopleFind the River
39.9%
Out of TimeLow
39.2%
New Adventures in Hi-FiE-Bow the Letter
38.3%
MonsterBang and Blame
38.1%
DocumentStrange
37.7%
Automatic for the PeopleStar Me Kitten
37.5%
Automatic for the PeopleTry Not to Breathe
37.4%
Reckoning7 Chinese Bros.
37.3%
MonsterYou
37.3%
Lifes Rich PageantBegin the Begin
37.2%
Out of TimeMe in Honey
37%
Automatic for the PeopleIgnoreland
37%
Out of TimeTexarkana
36.9%
Out of TimeCountry Feedback
36.7%
Automatic for the PeopleMonty Got a Raw Deal
36.7%
DocumentExhuming McCarthy
36.3%
Lifes Rich PageantCuyahoga
36.1%
Out of TimeNear Wild Heaven
35.8%
GreenWorld Leader Pretend
35.5%
New Adventures in Hi-FiElectrolite
35.5%
UpDaysleeper
35.2%
MonsterStar 69
35.1%
Automatic for the PeopleNew Orleans Instrumental No. 1
34.9%
AccelerateAccelerate
34.8%
MurmurTalk About the Passion
34.7%
MurmurPerfect Circle
34.7%
ReckoningHarborcoat
34.3%
Around the SunAround the Sun
34.2%
Fables of the ReconstructionCant Get There from Here
34.1%
RevealImitation of Life
33.7%
GreenHairshirt
33.3%
Murmur9-9
33.1%
New Adventures in Hi-FiHow the West Was Won and Where It Got Us
33%
MonsterStrange Currencies
32.9%
Lifes Rich PageantSwan Swan H
32.6%
MurmurPilgrimage
32.5%
GreenGet Up
32.5%
UpLotus
32.4%
Album Song % Correct
Automatic for the PeopleSweetness Follows
32.1%
Around the SunLeaving New York
31.8%
DocumentDisturbance at the Heron House
31.7%
Out of TimeBelong
31.7%
Fables of the ReconstructionFeeling Gravitys Pull
31.6%
DocumentOddfellows Local 151
31.6%
MonsterTongue
31.5%
MurmurWe Walk
31.2%
UpAt My Most Beautiful
31.1%
MurmurWest of the Fields
30.8%
MurmurCatapult
30.7%
GreenI Remember California
30.7%
Fables of the ReconstructionWendell Gee
30.6%
Fables of the ReconstructionMaps and Legends
30.6%
MurmurMoral Kiosk
30.5%
RevealAll The Way to Reno (You're Gonna Be a Star)
30.5%
GreenUntitled 11th Song
30.4%
Lifes Rich PageantThe Flowers of Guatemala
30.3%
ReckoningPretty Persuasion
30.1%
GreenYou Are the Everything
30.1%
DocumentWelcome to the Occupation
30%
DocumentKing of Birds
29.9%
MurmurLaughing
29.6%
ReckoningCamera
29.2%
Out of TimeEndgame
29.1%
MurmurSitting Still
29%
Out of TimeHalf a World Away
28.9%
MonsterLet Me In
28.7%
Lifes Rich PageantThese Days
28.6%
UpAirportman
28.6%
Lifes Rich PageantHyena
28.4%
MonsterKing of Comedy
28.3%
New Adventures in Hi-FiNew Test Leper
27.9%
New Adventures in Hi-FiLeave
27.7%
ReckoningTime After Time (Annelise)
27.6%
Fables of the ReconstructionGreen Grow the Rushes
27.6%
Lifes Rich PageantI Believe
27.4%
GreenTurn You Inside-Out
27.4%
MonsterCircus Envy
27.4%
Fables of the ReconstructionLife and How to Live It
27.2%
DocumentFireplace
27.1%
New Adventures in Hi-FiThe Wake-Up Bomb
27.1%
ReckoningLittle America
26.8%
New Adventures in Hi-FiBinky the Doormat
26.5%
Lifes Rich PageantUnderneath the Bunker
26.1%
GreenThe Wrong Child
25.7%
MonsterI Don't Sleep, I Dream
25.3%
New Adventures in Hi-FiZither
25.1%
Fables of the ReconstructionAuctioneer (Another Engine)
25%
DocumentLightnin' Hopkins
24.9%
AccelerateSupernatural Superserious
24.7%
Fables of the ReconstructionKohoutek
24.5%
New Adventures in Hi-FiBittersweet Me
24.5%
MurmurShaking Through
24.4%
Fables of the ReconstructionOld Man Kensey
24%
Around the SunElectron Blue
24%
MonsterI Took Your Name
23.6%
RevealBeachball
23.5%
ReckoningLetter Never Sent
23.3%
UpSad Professor
23.3%
Album Song % Correct
Lifes Rich PageantWhat If We Give It Away?
23.2%
New Adventures in Hi-FiDeparture
23.2%
Collapse Into NowÜberlin
22.7%
AccelerateLiving Well Is the Best Revenge
22.7%
Lifes Rich PageantJust a Touch
22.7%
Collapse Into NowBlue
22.3%
UpParakeet
22.1%
New Adventures in Hi-FiSo Fast, So Numb
21.7%
New Adventures in Hi-FiUndertow
21.7%
ReckoningSecond Guessing
21.4%
AccelerateI'm Gonna DJ
21.3%
AccelerateHouston
21.3%
UpHope
21%
Fables of the ReconstructionGood Advices
21%
New Adventures in Hi-FiLow Desert
21%
RevealThe Lifting
20.8%
New Adventures in Hi-FiBe Mine
20.7%
RevealI'll Take the Rain
20.6%
UpWalk Unafraid
20.1%
UpFalls to Climb
19.7%
AccelerateHorse to Water
19.5%
UpSuspicion
19.3%
AccelerateMan-Sized Wreath
19.2%
RevealI've Been High
19.1%
Collapse Into NowDiscoverer
18.8%
UpThe Apologist
18.8%
AccelerateMr. Richards
18.3%
UpWhy Not Smile
17.8%
Collapse Into NowMine Smell Like Honey
17.7%
RevealSaturn Return
17.2%
AccelerateHollow Man
17.1%
Around the SunThe Worst Joke Ever
16.8%
Collapse Into NowMe, Marlon Brando, Marlon Brando and I
16.7%
RevealShe Just Wants to Be
16.5%
UpDiminished
16.2%
Around the SunBoy in the Well
16.1%
Around the SunThe Outsiders
15.9%
RevealChorus and the Ring
15.1%
AccelerateSing for the Submarine
14.8%
Around the SunWanderlust
14.7%
RevealBeat a Drum
14.6%
UpYou're in the Air
14.4%
Collapse Into NowOh My Heart
14.4%
RevealDisappear
14.2%
Around the SunAftermath
14.2%
Around the SunHigh Speed Train
13.9%
Around the SunThe Ascent of Man
13.9%
RevealSummer Turns to High
13.8%
Around the SunFinal Straw
13.4%
Collapse Into NowAlligator_Aviator_Autopilot_Antimatter
13.2%
Collapse Into NowAll the Best
13.1%
AccelerateUntil the Day Is Done
12.7%
Around the SunI Wanted to Be Wrong
12.5%
Collapse Into NowIt Happened Today
12.1%
Collapse Into NowWalk It Back
11.7%
Collapse Into NowEvery Day Is Yours to Win
11.1%
Collapse Into NowThat Someone Is You
10%
Around the SunMake It All Okay
9.9%

From the Vault

Game of Thrones Opening Credit Locations

by jacana

You now have the theme stuck in your head and there's nothing you can do about it.
Remove Ads.
Support Sporcle.
Get the best of Sporcle when you Go Orange. This ad-free experience offers more features, more stats, and more fun while also helping to support Sporcle. Thank you for becoming a member.

Show Comments

Extras

Top Quizzes Today


Score Distribution

Your Account Isn't Verified!

In order to create a playlist on Sporcle, you need to verify the email address you used during registration. Go to your Sporcle Settings to finish the process.

Report this User

Report this user for behavior that violates our Community Guidelines.

Details: